000 00885nam a2200337Ia 4500
005 20260514124429.0
008 008 261405s9999 xx 000 0 eng d
037 _aThesis
040 _aCRL
040 _beng
040 _cCRL
041 _2eng
041 _aeng
084 _qCRL
100 _aNair Dr.Arjun
_91239989
245 0 _aRandomized Controlled Study of Intrathecal Bupivacaine with Fentanyl and Ropivacaine with Fentanyl in Lower Limb Surgeries in Adults.
260 _aDelhi
260 _bUniversity of Delhi
260 _c2015
300 _a84p.
502 _bPh.D.
502 _cUniversity of Delhi
502 _d2015
541 _oThesis
650 _aAnesthesiology
_91239977
700 _aDr.Maitree Pandey
_91239859
700 _aDr.Pramod Kohli
_91239860
710 _aAnesthesiology
942 _cTH
999 _c1851878
_d1851878